[Event "Alushta Autumn 1st"]
[Site "Alushta"]
[Date "2002.09.18"]
[Round "5"]
[White "Zavgorodniy, Sergiy"]
[Black "Potapov, Alexander"]
[Result "1/2-1/2"]
[WhiteElo "2393"]
[BlackElo "2515"]
[Annotator "Donev,I"]
[PlyCount "56"]
[EventDate "2002.09.15"]
[EventType "tourn"]
[EventRounds "15"]
[EventCountry "UKR"]
[EventCategory "9"]
[SourceTitle "CBM 092"]
[Source "ChessBase"]
[SourceDate "2003.02.06"]
[SourceVersion "1"]
[SourceVersionDate "2003.02.06"]
[SourceQuality "1"]

1. e4 e5 2. Nf3 Nc6 3. Bb5 a6 4. Bxc6 dxc6 5. O-O f6 6. d4 exd4 7. Nxd4 {
Die Idee der Abtauschvariante der Spanischen Partie ist schon lange bekannt.
Weiß versucht die Bauernmehrheit am Königsflügel im Endspiel auszunützen. Als
Kompensation dafür hat der Nachziehende den Vorteil des Läuferpaars. Für diese
Variante ist ein ruhiges positionelles Spiel typisch, das meistens remis
beendet.} c5 8. Nb3 Qxd1 9. Rxd1 Bg4 10. f3 Be6 11. Be3 {[%cal Ye3c5,Yb3c5]} b6
12. Nc3 Bd6 13. a4 c4 {Ich denke, es ist besser den Springer auf b3
eingeschränkt zu lassen und nicht das starke Zentralfeld d4 freizumachen.
Folgende Partie zeigt eine interessante Möglickeit für Schwarz:} (13... a5 $5
14. Nb5 Rd8 15. Rd2 Ne7 16. Rad1 Nc8 17. Nc1 Ke7 18. Ne2 g5 19. b3 Be5 20. c4
Rxd2 21. Rxd2 Nd6 22. Nbc3 Rd8 23. g3 Rg8 24. Kf2 c6 25. f4 gxf4 26. gxf4 Bxc3
27. Nxc3 f5 28. e5 Nf7 29. Kf3 Rd8 30. Rc2 Nh8 31. Bf2 Ng6 32. Ke3 Bf7 33. Rc1
Rd4 34. Bg3 Ke6 35. h3 Rd8 36. Rd1 Rd4 37. Bh2 Be8 {1/2-1/2 Bragin,A-Savon,V/
Orel 1997/EXT 99 (37)}) 14. Nd4 Kf7 $6 $146 {Die Theorie ist zu Ende und der
Nachziehende findet einen neuen Zug. Mir gefällt er aber nicht, weil er dem
Anziehenden erlaubt, den Be6 abzutauschen und auf diese Weise den
Läuferpaarvorteil zu neutralisieren. Besser wäre 14...Bd7:} (14... Bd7 $5 15.
Nde2 Be5 16. Nd5 Ne7 17. Nef4 g5 18. Nh5 Nxd5 19. Rxd5 Bc6 20. Rdd1 Bxb2 21.
Rab1 Be5 22. a5 b5 23. h4 gxh4 24. f4 Bc3 25. Bd4 Bxd4+ 26. Rxd4 Kf7 27. Rbd1
Kg6 28. g4 Rhe8 29. Rd6 cxd6 30. Rxd6 Rf8 31. Rxc6 Rac8 32. Rxa6 b4 33. e5 b3
34. cxb3 c3 35. Nxf6 c2 36. Nh5+ Kf7 37. e6+ Kg8 {0-1 Holzschuh,P-Matthias,H/
Aachen 1988/EXT 97 (37)}) 15. Kf2 ({Weiß sollte sofort den Be6 abtauschen.} 15.
Nxe6 $5 Kxe6 16. Kf2 {Deckt den Be3 und bereitet den Zug Rd4 vor.} (16. Rd4 $2
Bc5 $17) 16... Ne7 17. Rd4 Rhd8 ({Durch Zugumstellung führt diese Variante
wieder zur Hauptpartie zurück.} 17... Nc6 18. Rxc4 Ne5 19. Rd4 Bc5) 18. Rxc4 c5
19. Rd1 Rab8 {/\b6-b5 und der weiße Turm geht verloren.} 20. Nd5 $14) 15... Ne7
({Die andere Alternative war das Läuferpaar zu behalten.} 15... Bd7 $142 $5)
16. Nxe6 Kxe6 17. Rd4 {[%cal Yd4c4] Der schwache c4-Bauer geht unvermeidlich
verloren.} Nc6 $1 ({Zum Prüfung kommt die Variante:} 17... c5 18. Rxc4 Rhd8 19.
Rd1 Rab8 20. Ke2 {Die schwarze Drohung b6-b5 ist nicht gefährlich, weil der
Anziehende die Qualität opfern kann (Rxc5) mit mehr als genug Kompensation.})
18. Rxc4 Ne5 19. Rd4 Bc5 20. Rd5 (20. Rdd1 $5 Bxe3+ 21. Kxe3 Nc4+ 22. Kd4 Nxb2
23. Rdb1 c5+ (23... Rhd8+ 24. Nd5 $1 $18) 24. Ke3 Nc4+ 25. Kd3 Ne5+ 26. Ke2
Rab8 27. Nd5 Nd7 (27... b5 28. Nc7+ $18) 28. Rb2 $14 {[%csl Yb6] /\Rab1 mit
starkem Druck auf den schwachen b6-Bauern.}) 20... Bxe3+ 21. Kxe3 Nc4+ 22. Ke2
Nxb2 23. Rd4 {Der schwarze Springer ist jetzt in Gefahr. Es droht Rb1...} c5
24. Rd5 Rhd8 (24... Nc4 25. Rad1 Rhe8 26. Rd7 Re7 $11) (24... Rad8 25. Rb1 Nc4
26. Rxd8 Rxd8 27. Nd5 $14) 25. Rb1 $2 {In der ganzen Partie war das die beste
Möglichkeit für den Anziehenden Vorteil zu bekommen:} (25. Rh5 $1 Nc4 {/\Rd2} (
25... h6 26. Nd5 {[%cal Yd5c7,Yd5b6]} Rab8 27. a5 b5 28. Nc7+ Ke7 29. Nxa6 $18)
(25... Kf7 26. Nd5) 26. Nd5 Kf7 27. Rxh7 $16) 25... Nc4 26. Kd3 Ne5+ 27. Ke2
Nc4 28. Kd3 Ne5+ {Schwarz ist gezwungen mittels Zugwiederholung remis zu
machen, weil sein schwacher b6-Bauer ihm große Probleme bereitet.} 1/2-1/2

[Event "RUS-ch"]
[Site "Krasnodar"]
[Date "2002.09.03"]
[Round "8"]
[White "Alikhanov, Felix"]
[Black "Shomoev, Anton"]
[Result "0-1"]
[WhiteElo "2364"]
[BlackElo "2533"]
[Annotator "Donev,I"]
[PlyCount "117"]
[EventDate "2002.08.27"]
[EventType "swiss"]
[EventRounds "9"]
[EventCountry "RUS"]
[SourceTitle "CBM 091"]
[Source "ChessBase"]
[SourceDate "2002.11.12"]
[SourceVersion "1"]
[SourceVersionDate "2002.11.12"]
[SourceQuality "1"]

1. e4 e5 2. Nf3 Nc6 3. Bb5 a6 4. Bxc6 dxc6 5. O-O f6 6. d4 Bg4 7. c3 Bd6 8. Be3
Qe7 9. Nbd2 O-O-O 10. dxe5 $146 ({RR} 10. Qc2 exd4 11. Nxd4 h5 12. Nc4 Nh6 13.
h3 Bd7 14. Rfe1 g5 15. Rad1 Rhe8 16. f3 c5 17. Nf5 Bxf5 18. exf5 Bg3 19. Rxd8+
Qxd8 20. Re2 Qd5 21. Bf2 Rxe2 22. Qxe2 Nxf5 23. Qe8+ Qd8 24. Qxd8+ Kxd8 25.
Bxc5 {Shirov,A-Piket,J/Monte Carlo 1997/CBM 57 ext/1/2-1/2 (35)}) 10... fxe5
11. b4 Nf6 12. a4 c5 13. b5 a5 14. h3 Be6 15. Ng5 Bg8 16. Qe2 h6 17. Ngf3 Bh7
18. Ne1 Kb8 ({Der Zentralbauer ist vergiftet:} 18... Bxe4 $2 19. Nxe4 Nxe4 20.
Qg4+ $19 {[%cal Yg4c8,Yg4e4]}) 19. f3 Nh5 20. Kh2 Qe6 21. Nc4 b6 22. Rb1 (22.
Nxd6 Rxd6 23. Rd1 Rhd8 24. Rxd6 Qxd6 $11) 22... Kb7 23. Nd3 {Mit diesem Zug
bekommt der Nachziehende die Möglichkeit die Dame für 3 leichte Figuren zu
tauschen (opfern?). Für wen dieser Tausch günstig ist, wird sich bald klären...
} (23. Nc2 {Das war die ruhige Fortsetzung, die zu einer ausgeglichenen
Stellung führte.}) 23... Qxc4 24. Nxc5+ Qxc5 25. Bxc5 Bxc5 {[%mdl 2048]
Plötzlich hat sich die Stellung total geändert. Für die drei schwarzen
Leichtfiguren hat der Anziehende genau eine Dame und einen Bauer. Die Stellung
ist in einem dynamischen Gleichgewicht.} 26. g3 Bg6 ({mir persönlich gefällt:} 
26... Nf6 $5 {um den Zug f3-f4 zu vermeiden.}) 27. Rbd1 Bf7 28. f4 exf4 29.
gxf4 Rxd1 30. Qxd1 Bc4 31. Qxh5 (31. e5 Bxf1 32. Qxf1 {[%cal Yf1f3]} Kb8 33. f5
Rd8 34. Qf3 Rd2+ 35. Kh1 Ng3+ 36. Qxg3 Rd1+ 37. Kh2 Rd2+ $11 {mit Dauerschach.}
) 31... Bxf1 {Die weiße Lage ist schwieriger geworden. Jetzt hat der
Nachziehende für die Dame schon 2 "gesunde" Läufer und einen Turm. Die große
Hoffnung des Anziehenden ist der e-Freibauer; den möchte er mit allen Kräften
zur Bewegung in Richtung 8. Reihe bringen.} 32. e5 Bc4 33. Qf3+ Kb8 34. Qe4 Be6
35. f5 Bc8 36. e6 {Das war das Maximum für den weißen e-Bauern. Mehr kann er
sich momentan nicht bewegen, sonst geht er verloren. Außerdem sind die
schwarzen Felder e7+f6 schwach geworden. Der Nachziehende muss den
schwarzfarbigen Läufer auf dem ausgezeichnete Feld f6 überführen - mit großem
positionellen Vorteil.} Rd8 37. Kg3 Bb7 38. Qe2 Be7 39. Kg4 Bf6 40. Kh5 {
Warum Weiß den c-Bauer verschenkt ist unklar?} (40. Qe3 $142) 40... Bxc3 41.
Kg6 Bf6 42. Kf7 Rd5 43. Kg6 Bc8 44. h4 $2 (44. Qe3 $1) 44... Re5 45. Qh2 Re4
46. h5 Bb7 47. Kf7 Bd5 {Die schwarzen Figuren sind sehr gut platziert. Es ist
nur eine Frage der Zeit, wann der Anziehende einen Fehler macht.} 48. Qd2 Rd4 (
48... Re5 49. Qf4 Kc8 $19) 49. Qc2 Be4 50. Qf2 Bd5 $2 (50... Kc8 51. Qf4 (51.
e7 Rd7 $19) 51... Bd5 52. Qg3 Rxa4 $19) 51. Qc2 Kb7 52. Kf8 Re4 53. Ke8 Rc4 54.
Qd3 Rd4 55. Qc2 Be4 (55... Bf3 $19 {ist noch stärker.}) 56. Qb3 $2 (56. Qe2
$142 $5 Bxf5 57. e7 Rxa4 (57... Re4 58. Qf3 g6 59. Kf7 Bxe7 60. hxg6 Be6+ 61.
Kg7 Bd5 62. Qf5 Rd4 63. Kxh6 $15) 58. Kf7 Bxe7 59. Qd1 {[%cal Yd1a4,Yd1d5]} Rg4
60. Kxe7 $17) 56... Kb8 57. e7 Bd5 58. Qc2 Re4 {Nach dem Verlust des
Freibauern e7 - die letzte weiße Hoffnung - kann der Anziehende ruhig aufgeben.
} 59. Kf8 0-1

[Event "Elgoibar 12th"]
[Site "Elgoibar"]
[Date "2002.12.19"]
[Round "8"]
[White "Gonzalez de la Torre, Santiago"]
[Black "Korneev, Oleg"]
[Result "0-1"]
[WhiteElo "2399"]
[BlackElo "2551"]
[Annotator "Donev,I"]
[PlyCount "96"]
[EventDate "2002.12.12"]
[EventType "tourn"]
[EventRounds "9"]
[EventCountry "ESP"]
[EventCategory "9"]
[SourceTitle "CBM 093"]
[Source "ChessBase"]
[SourceDate "2003.04.01"]
[SourceVersion "1"]
[SourceVersionDate "2003.04.01"]
[SourceQuality "1"]

1. e4 e5 2. Nf3 Nc6 3. Bb5 a6 4. Bxc6 dxc6 5. O-O f6 6. d4 exd4 7. Nxd4 c5 8.
Nb3 Qxd1 9. Rxd1 Bg4 10. f3 Be6 11. Bf4 c4 12. Nd4 ({Die andere Möglichkeit
wäre:} 12. Na5 {nach dem folgt:} Bc5+ {nebst Bb6.}) 12... O-O-O $11 {Nach
diesem Zug kann der Nachziehende zufrieden mit der Eröffnung sein.} 13. Nc3 Bf7
14. Nf5 Rxd1+ 15. Rxd1 Ne7 16. Nxe7+ {Gonzalez versucht die Partie in andere
Wege zu leiten als Baron Rodrigez.Vermutlich war ihm klar, dass Korneev
Spezialist in dieser Variante ist.} (16. Nd4 Ng6 17. Be3 h5 18. Kf2 Ne5 19. h3
g6 20. Nd5 Nd7 21. Bf4 c6 22. Nc3 Bc5 23. Be3 Kc7 24. Nde2 Be7 25. f4 b5 26.
Kf3 h4 27. Nd4 b4 28. Na4 c5 29. Ne2 Kc6 30. Kf2 Re8 {Baron Rodriguez,
J-Korneev,O/Malaga 2000/CBM 74 ext/0-1 (45)}) 16... Bxe7 17. Kf2 b5 $146 {
Es ist gar nicht überraschend, dass in dieser Variante die Neuerungen fast im
Endspiel gemacht werden! Der letzte Zug ist ganz logisch. Der Nachziehende
erobert mehr Raum am Damenflügel und lässt mehr Optionen für das schwarze
Läuferpaar.} ({RR} 17... Bc5+ 18. Be3 Bd6 19. Ne2 Rd8 20. Rd2 Re8 21. c3 h5 22.
h4 Be5 23. Bf4 g5 24. hxg5 Bxf4 25. Nxf4 fxg5 26. Nd5 Re5 27. Ke3 Re8 28. Rd4
h4 29. Nf6 Re6 30. Ng4 Rb6 31. Rd2 Be6 32. Nf6 {Braunschlaeger,C-Muehlbach,P/
Bad Wiessee 1999/EXT 2001/1-0 (56)}) 18. Nd5 Bc5+ 19. Ke2 (19. Be3 Bd6 20. c3
Rd8 $11) 19... c6 20. Nc7 (20. Ne3 c3 21. b3 $11) 20... c3 21. b3 (21. Nxa6
Bc4+ 22. Ke1 cxb2 23. Nxc5 Bxa2 $19 {nebst b2-b1Q}) 21... a5 22. Na6 {Der
weiße Springer befindet sich am Rand im Gefahr.Der Anziehende muss Maßnahmen
treffen, sonst wird der Springer bald gefangen sein.} Be7 {Ab diesem Zeitpunkt
hätte der Anziehende 3 Mal die Möglichkeit seinen Springer zu befreien,aber
leider geht er falsche Wege.} 23. Be3 (23. Bd6 $142 {Mittels dieses
Vorschlages zum Läuferabtausch kontrolliert der Anziehende das Rettungsfeld c5
für den Springer.} Bxd6 24. Rxd6 Kb7 25. Nc5+ (25. Rd7+ Kxa6 26. Rxf7 Rd8 $1
$132 {[%cal Yd8d2]}) 25... Kb6 26. Nd3 Kc7 27. Rd4 $14) 23... Re8 24. Bd4 ({
Die nächste Möglichkeit den Springer zu retten war:} 24. Bc5 $142 Bd8 25. Rd6
Re6 (25... Kb7 $2 26. Rd7+ $18) 26. Rxe6 Bxe6 27. Bf8 $13 {nebst Nc5.}) 24...
b4 25. Kf2 $2 {Der entscheidende Fehler, danach kann sich Weiß nicht mehr
retten.} (25. Bc5 $142 Bd8 26. Bd6 {nebst Nc5 und der weiße Springer ist frei.}
) 25... Rd8 {/\c6-c5} 26. Ke2 {[%tqu "De","Wie kann Schwarz am Zug Vorteil
bekommen?","","","d8d4","",10]} Rxd4 $1 27. Rxd4 Be6 {Deckt das Feld d7 und
bereitet den Zug Kb7 vor.} 28. a3 c5 29. Rd1 bxa3 30. Kd3 Kb7 $19 {Die Falle
ist zu. Jetzt ist der Springer gefangen und damit ist die Partie entschieden.
Der Rest ist reine Techniksache.} 31. Nxc5+ Bxc5 32. Kxc3 Kc6 33. f4 Kb5 34.
Rb1 Bd6 35. g3 g5 36. Rd1 Kc6 37. Ra1 gxf4 38. gxf4 Kb5 39. h4 h5 40. Kd4 Kb4
41. e5 Bc5+ 42. Ke4 f5+ 43. Kd3 Ba7 44. c4 Kxb3 45. Rb1+ Ka4 46. Kc3 a2 47. Rf1
Ka3 48. Rd1 Be3 0-1

[Event "Cannes m2"]
[Site "Cannes"]
[Date "1999.11.17"]
[Round "5"]
[White "Van der Wiel, John"]
[Black "Tkachiev, Vladislav"]
[Result "1/2-1/2"]
[WhiteElo "2544"]
[BlackElo "2648"]
[Annotator "Donev,I"]
[PlyCount "41"]
[EventDate "1999.11.13"]
[EventType "match"]
[EventRounds "10"]
[EventCountry "FRA"]
[SourceTitle "CBM 074"]
[Source "ChessBase"]
[SourceDate "2000.02.01"]
[SourceVersion "1"]
[SourceVersionDate "2000.02.01"]
[SourceQuality "1"]

1. e4 e5 2. Nf3 Nc6 3. Bb5 a6 4. Bxc6 dxc6 5. O-O f6 6. d4 exd4 7. Nxd4 c5 8.
Ne2 Qxd1 9. Rxd1 Bd7 10. Nbc3 O-O-O 11. Be3 Re8 12. Rd2 Bc6 13. Rad1 b6 14. Nf4
{Die kritische Eröffnungstellung. Hier hat der Anziehende mehrere interessante
Fortsetzungen. Für den Leser habe ich eine kleine Auswahl von
Partieausschnitten ausgewählt, von zwei großen Spezialisten dieser Variante -
GM Rosentalis und GM Van der Wiel:} (14. Nd5 Ne7 15. c4 Nxd5 16. exd5 Bd7 17.
Bf4 Bd6 18. Bxd6 cxd6 19. f3 $11 {1/2-1/2 Rozentalis,E-Milos,G/Tilburg 1992/
CBM 32 (47)}) (14. h4 Ne7 15. h5 f5 16. e5 Bb7 17. Bg5 Nc6 18. Ng3 Nd4 19. Nce2
$11 {1/2-1/2 Van der Wiel,J-Morovic Fernandez,I/Wijk 1994/CBM 40 (47)}) (14.
Bf4 Ne7 15. Bg3 Ng6 $11 {1/2-1/2 Rozentalis,E-Smejkal,J/BL 1993/BL 90 (49)}) (
14. f3 Ne7 15. Nf4 Ng6 16. Ncd5 Ne5 17. b3 c4 18. Nh5 Rg8 19. Kf2 $11 {1/2-1/2
Rozentalis,E-Sokolov,I/Tilburg 1993/CBM 39 (75)}) 14... Nh6 15. f3 (15. Nfd5
Ng4 16. Bf4 Ne5 17. Bg3 (17. b3 Kb7 18. f3 c4 19. Bxe5 Rxe5 20. bxc4 Bc5+ 21.
Kf1 Rd8 22. Ne2 Be8 23. Nd4 c6 24. Ne3 Bf7 25. c3 Kc7 26. Nb5+ $1 $18 {1-0
Vysochin,S-Yemelin,V/URS-chJ Jurmala 1992/EXP 28 (41)}) 17... Kb7 18. Ne3 g6
19. Bh4 Bg7 20. f4 Nf7 21. Ned5 $14 {1-0 Ivanov,V-Gavrilov,A/Moscow-ch 1992/
EXT 92ch (53)}) 15... Nf7 16. Ncd5 ({Hier gibt es eine interessante Idee, die
dem Anziehenden einen kleinen Vorteil verschaffen kann:} 16. Nfd5 $5 {Auf
diese Weise wird das Feld f4 für den Läufer freigemacht.} Bd6 (16... Ne5 17.
Bf4 $14) 17. Bf4 Be5 (17... Ne5 18. Nxb6+ $1 cxb6 19. Rxd6 $18) 18. Bxe5 Nxe5
19. Ne3 $14) 16... Nd6 {[%cal Yd6c4,Yf6f5] Dieser gute Zug hat zwei Ideen: a)
Nc4 nebst Doppelangriff auf d2 und b2 b) der Vorstoß f6-f5 wird vorbereitet}
17. b3 {Vermeidet Nc4.} f5 $1 {Ein typischer Zug für Schwarz in der
Abtauschvariante der Spanischen Partie. Auf diese Weise versucht der
Nachziehende die Stellung zu öffnen, um dem schwarzen Läuferpaar mehr
Bewegungsfreiheit zu verschaffen.} (17... c4 $5 {Bringt dem Nachziehenden auch
Ausgleich.}) 18. exf5 {Erzwungen.} Nxf5 19. Bf2 $8 Bd6 {Schwarz kann mit
seiner Stellung zufrieden sein.} 20. Nh5 Be5 21. c4 1/2-1/2

[Event "Donner Memorial-A"]
[Site "Amsterdam"]
[Date "1994.??.??"]
[Round "7"]
[White "Benjamin, Joel"]
[Black "Sokolov, Ivan"]
[Result "1-0"]
[WhiteElo "2610"]
[BlackElo "2625"]
[Annotator "Donev,I"]
[PlyCount "65"]
[EventDate "1994.08.??"]
[EventType "tourn"]
[EventRounds "9"]
[EventCountry "NED"]
[EventCategory "15"]
[SourceTitle "CBM 043"]
[Source "ChessBase"]
[SourceDate "1994.12.01"]
[SourceVersion "1"]
[SourceVersionDate "1994.12.01"]
[SourceQuality "1"]

1. e4 {Wedberg} e5 2. Nf3 Nc6 3. Bb5 a6 4. Bxc6 dxc6 5. O-O f6 6. d4 Bg4 7. c3
Bd6 8. Be3 Ne7 (8... Qe7 {Wedberg} 9. Nbd2 O-O-O 10. Re1 Nh6 11. dxe5 $6 (11.
Qc2 $32) 11... Bxe5 12. Qc2 Nf7 13. Nxe5 Nxe5 14. f3 Be6 15. Bd4 c5 16. Bxe5
fxe5 $15 {Hecht-Chandler/BRD/1982}) 9. Nbd2 Qd7 (9... Qc8 10. Nc4 O-O 11. dxe5
fxe5 (11... Bxe5 $142) 12. Qb3 Be6 13. Ng5 $1 $14) 10. dxe5 fxe5 (10... Bxe5 $6
11. Nxe5 $1 fxe5 (11... Bxd1 $2 12. Nxd7 Be2 13. Rfe1 $18) 12. f3 Be6 13. Nb3
Qxd1 14. Rfxd1 b6 $14) 11. h3 Be6 (11... Bxf3 12. Qxf3 O-O-O 13. Qg4 $14) (
11... Bh5 12. Nxe5 $1 $16) 12. Ng5 (12. c4 Ng6 13. c5 Be7 14. Qc2 O-O 15. Qc3 (
15. Rfd1 {Wedberg} Bf6 16. Ng5 $14 {Gerasimov-Savon/URS/1967}) 15... Bf6 (15...
Rad8 $142 $10) 16. Nc4 $14) 12... Bg8 13. Qh5+ Ng6 (13... g6 $2 14. Qf3 $1 (14.
Qh6 $6 Nc8 15. f4 Bf8 (15... exf4 16. Bd4 Bf8 17. Qh4 Bg7 $14) 16. Qh4 exf4 17.
Bd4 Bg7 $14) 14... h6 (14... O-O-O 15. Qf6 $16) 15. Qf6 hxg5 16. Qxh8 O-O-O 17.
Bxg5 $18) 14. Rfd1 O-O-O 15. Nf1 (15. Nb3 $1 $14) 15... Qe8 16. Ng3 h6 17. Nf3
Be6 (17... Nf4 $5 18. Qxe8 Rxe8 19. Rd2 Be6 $10) (17... Bf7 18. Nf5 Rg8 $13 (
18... Nf4 19. Qg4 $16)) 18. Nf5 Qf7 $4 (18... Rd7 19. Rd2 Nf4 $10) 19. Rxd6 $1
$16 cxd6 (19... Rxd6 20. Qxg6 $1 Qxg6 21. Ne7+ Kb8 22. Nxg6 Rhd8 23. Ngxe5 Rd1+
24. Rxd1 Rxd1+ 25. Kh2 Bxa2 $16) 20. Qxg6 Qxg6 21. Ne7+ Kc7 22. Nxg6 Rhe8 23.
a4 Rd7 (23... a5 24. b4 b6 25. Nd2 Bf7 26. Nh4 d5 27. bxa5 bxa5 28. Nf5 $16)
24. a5 Bg8 25. Nd2 Bh7 26. Nh4 d5 27. exd5 (27. Ra4 $5) 27... Rxd5 (27... cxd5
28. Nhf3 Kc6 29. Ra4 Bc2 30. Rb4 $16) 28. Nhf3 $18 Bd3 29. c4 Rd6 30. Re1 Kd7
31. Bc5 Rde6 32. Re3 e4 33. Ne1 1-0

[Event "FRA-ch Final"]
[Site "Besancon"]
[Date "1999.08.25"]
[Round "1.1"]
[White "Marciano, David"]
[Black "Bacrot, Etienne"]
[Result "1/2-1/2"]
[WhiteElo "2529"]
[BlackElo "2592"]
[Annotator "Donev,I"]
[PlyCount "50"]
[EventDate "1999.08.23"]
[EventType "match"]
[EventRounds "2"]
[EventCountry "FRA"]
[SourceTitle "CBM 073"]
[Source "ChessBase"]
[SourceDate "1999.12.01"]
[SourceVersion "1"]
[SourceVersionDate "1999.12.01"]
[SourceQuality "1"]

1. e4 e5 2. Nf3 Nc6 3. Bb5 a6 4. Bxc6 dxc6 5. O-O f6 6. d4 exd4 7. Nxd4 c5 8.
Nb3 Qxd1 9. Rxd1 Bg4 {Schwarz entwickelt mit Tempo seinen Damenläufer und
provoziert die Schwächung der Diagonale g1-a7. Später wird der schwarzfarbige
Läufer diese Diagonale besetzen.} 10. f3 Bd7 11. Nc3 O-O-O 12. Bf4 c4 13. Na5
b5 ({Natürlich geht} 13... Bb4 {nicht wegen des taktischen Tricks} 14. Bxc7 {
nebst Nd5.}) 14. Nd5 Bc5+ 15. Kf1 Ne7 (15... c6 16. b4 Ba7 17. Nc7 Bb8 18. Ne6
Bxf4 19. Nxf4 Ne7 20. Rd6 Kc7 21. Rad1 Nc8 22. Rxd7+ Rxd7 23. Ne6+ Kb8 24.
Nxc6+ {1-0 Szucs,C-Kevei,P/HUN 1997/EXT 99 (24)}) 16. Bxc7 Nxd5 17. Rxd5 Kxc7
18. Rxc5+ Kb6 19. b4 (19. Rd5 Be6 (19... Kxa5 20. Rad1 $16) 20. Rxd8 Rxd8 21.
b4 $8 Rd2 22. Rc1 $11) 19... cxb3 20. Nxb3 Be6 {Es genügt einen Blick auf
diese Position zu werfen, um zu sehen, dass Schwarz nicht verlieren sollte.
Aber trotzdem hat er wegen des Bauernminus noch einige praktische
Schwierigkeiten zu überwinden.} 21. Rc3 a5 22. a4 Rc8 $146 {[%mdl 8] Dieser
neue Zug ist einfach und stark. Jetzt hat der Anziehende Probleme mit seinem
schwachen c-Bauern. Der Mehrbauer am Königsflügel spielt momentan keine Rolle.}
(22... b4 $2 23. Rc5 Bxb3 24. Rb5+ Ka6 25. cxb3 Rd3 26. Rc1 Rxb3 27. Rc6+ Ka7
28. Rc7+ Ka6 29. Rcb7 {1-0 Kelleher,W-Adams,M/New York 1996/EXT 99 (29)}) 23.
Rxc8 Rxc8 24. Nd4 (24. axb5 Bxb3 25. cxb3 Rc3 $1 $11) 24... Bc4+ 25. Ke1 b4 $11
1/2-1/2